000
00344nam a2200145Ia 4500
008
230718s9999 xx 000 0 und d
041
_a
Eng.
082
_a
332.9
_b
NAG-E
100
_a
Naguig Merssonin Isshad
245
0
_a
Economics of Pakeisen
260
_a
Pakistan
_b
Ilmi book house
_c
1996
300
_a
200
650
_a
Law
999
_c
26404
_d
26404